[Event "Superettan(Kungstornet-Sollentuna)"]
[Site "?"]
[Date "2014.03.07"]
[Round "7"]
[White "Johansson, Robin"]
[Black "Duenas, Alexis"]
[Result "1-0"]
[WhiteElo "2195"]
[BlackElo "2083"]
[PlyCount "133"]
[SourceDate "2014.03.21"]

1. e4 e5 2. Nc3 Nf6 3. Nf3 Nc6 4. a3 Be7 5. d4 exd4 6. Nxd4 d6 7. Be2 O-O 8.
Be3 Nxd4 9. Bxd4 c5 10. Be3 Bd7 11. O-O Bc6 12. Bf3 Nd7 13. Re1 Ne5 14. Be2 Re8
15. f4 Ng6 16. Qd2 Bf6 17. Rad1 Bxc3 18. Qxc3 Bxe4 19. Bb5 Bc6 20. Bxc6 bxc6
21. f5 Nh4 22. Rf1 g6 23. f6 Re5 24. Qxe5 dxe5 25. Rxd8+ Rxd8 26. Bxc5 a6 27.
Re1 Rd5 28. b4 h5 29. c4 Rd2 30. Bf2 Nf5 31. Rxe5 Ra2 32. h3 h4 33. Re4 Rxa3
34. Bxh4 Nxh4 35. Rxh4 Ra4 36. Kf2 Rxb4 37. Ke3 a5 38. Kd4 Rb2 39. Rg4 a4 40.
Kc3 a3 41. Rg5 Rf2 42. Ra5 Rxf6 43. Rxa3 Rf2 44. Kd4 Rxg2 45. Kc5 Rc2 46. Ra6
Rc3 47. h4 Rh3 48. Kxc6 Rxh4 49. c5 Rc4 50. Kd5 Rc1 51. Kd6 Kg7 52. c6 Rd1+ 53.
Ke7 Re1+ 54. Kd7 Rd1+ 55. Kc8 f5 56. c7 Rc1 57. Kb7 Rxc7+ 58. Kxc7 f4 59. Kd6
Kf6 60. Kd5+ Kf5 61. Kd4 g5 62. Kd3 Kg4 63. Ke2 Kg3 64. Kf1 f3 65. Rg6 g4 66.
Rg8 Kh2 67. Kf2 1-0

[Event "Superettan(Kungstornet-Sollentuna)"]
[Site "?"]
[Date "2014.03.07"]
[Round "7"]
[White "Ahfeldt, Joel"]
[Black "Palmblad, Jan Peter"]
[Result "0-1"]
[WhiteElo "2225"]
[BlackElo "1510"]
[PlyCount "64"]

1. d4 Nf6 2. c4 g6 3. Nf3 Bg7 4. g3 d5 5. cxd5 Nxd5 6. e4 Nb6 7. Bg2 Bg4 8. Be3
Nc6 9. e5 Nb4 10. Qb3 N4d5 11. Nbd2 Nxe3 12. fxe3 Bh6 13. O-O O-O 14. Ne4 Qd5
15. Qd3 Qc4 16. Qd2 Nd5 17. Rfe1 Rad8 18. b3 Qb4 19. Qd3 Bxf3 20. Bxf3 Nxe3 21.
Rxe3 Rxd4 22. Qc3 Bxe3+ 23. Qxe3 Rfd8 24. Rc1 Rd3 25. Qh6 Qd4+ 26. Kg2 Qxe5 27.
Rxc7 Rxf3 28. Kxf3 Qxc7 29. Ng5 Qc3+ 30. Kg2 Rd2+ 31. Kh3 Qc8+ 32. g4 Qc3+ 0-1

[Event "Superettan(Kungstornet-Sollentuna)"]
[Site "?"]
[Date "2014.03.07"]
[Round "7"]
[White "Holving, Rasmus"]
[Black "Cramling, Anna"]
[Result "1-0"]
[WhiteElo "2234"]
[BlackElo "1410"]
[PlyCount "107"]

1. e4 c5 2. b3 e6 3. Bb2 Nf6 4. e5 Nd5 5. Ne2 Nc6 6. Na3 a6 7. Nc4 b5 8. Ne3
Nde7 9. a4 Bb7 10. axb5 axb5 11. Nc3 Ng6 12. Nxb5 Ngxe5 13. Rxa8 Bxa8 14. Qa1
f6 15. Qxa8 Qxa8 16. Nc7+ Kf7 17. Nxa8 Be7 18. Nb6 d5 19. f4 d4 20. Nec4 Nxc4
21. Bxc4 Na5 22. f5 Nxc4 23. fxe6+ Kxe6 24. Nxc4 g5 25. Ke2 Ra8 26. Kd3 f5 27.
Re1+ Kf6 28. Nb6 Rd8 29. Kc4 Bd6 30. h3 h5 31. Ba3 g4 32. hxg4 hxg4 33. Bxc5
Bxc5 34. Kxc5 Kg5 35. g3 d3 36. c4 Rh8 37. Re3 Rh2 38. Rxd3 Rf2 39. Nd5 Rf3 40.
Kd4 Rf1 41. c5 Re1 42. Re3 Rd1 43. Nf4 Rxd2+ 44. Kc3 Rd1 45. Kc2 Rf1 46. c6
Rxf4 47. gxf4+ Kxf4 48. Re1 g3 49. c7 Kf3 50. c8=Q Kf2 51. Qxf5+ Kxe1 52. Qf3
g2 53. Kd3 g1=Q 54. Qe2# 1-0

[Event "Superettan(Kamraterna-Orebro)"]
[Site "?"]
[Date "2014.03.07"]
[Round "7"]
[White "Gruvaeus, Curt"]
[Black "Aberg, Anton"]
[Result "0-1"]
[WhiteElo "2334"]
[BlackElo "2418"]
[PlyCount "88"]

1. Nf3 d5 2. g3 Nf6 3. Bg2 c6 4. O-O Bg4 5. h3 Bh5 6. d3 e6 7. c4 Be7 8. Qc2
Nbd7 9. e4 dxe4 10. dxe4 Bxf3 11. Bxf3 e5 12. Rd1 Qc7 13. Nc3 Nc5 14. Be3 Ne6
15. Ne2 O-O 16. a3 a5 17. Rab1 a4 18. Bg2 Bc5 19. Bxc5 Nxc5 20. Rd2 Nb3 21. Rd3
Nd7 22. f4 Ndc5 23. Rdd1 exf4 24. gxf4 Rae8 25. Rf1 f5 26. e5 Rd8 27. Rbd1 Ne6
28. Rxd8 Qxd8 29. Kh1 Qd2 30. Qxd2 Nxd2 31. Rc1 Rd8 32. Kg1 Nb3 33. Rf1 Rd2 34.
Nc3 Nbc5 35. Rf2 Rxf2 36. Kxf2 Nxf4 37. Bf1 g5 38. Ke3 Kf7 39. h4 h6 40. hxg5
hxg5 41. Be2 Nxe2 42. Nxe2 Ke6 43. Kd4 Nb3+ 44. Kc3 Kxe5 0-1

[Event "Superettan(Kamraterna-Orebro)"]
[Site "?"]
[Date "2014.03.07"]
[Round "7"]
[White "Hamark, Jesper"]
[Black "Drugge, Patrick"]
[Result "1-0"]
[WhiteElo "2408"]
[BlackElo "2237"]
[PlyCount "147"]

1. Nf3 d5 2. d4 c6 3. Bf4 e6 4. e3 Bd6 5. c4 Bxf4 6. exf4 dxc4 7. Bxc4 Nf6 8.
O-O O-O 9. Nc3 b6 10. Qe2 Qd6 11. g3 Bb7 12. Rfd1 Nbd7 13. Ba6 Rab8 14. Bxb7
Rxb7 15. Rac1 Rc8 16. Ne5 Rbc7 17. a3 Qe7 18. Qf3 Nxe5 19. fxe5 Nd5 20. Ne4 c5
21. Nd6 Rd8 22. dxc5 bxc5 23. Rc2 f6 24. Nc4 Nb6 25. Rdc1 Nxc4 26. Rxc4 Rd4 27.
exf6 gxf6 28. Rxd4 cxd4 29. Rxc7 Qxc7 30. Qg4+ Kf7 31. Qxd4 Qc1+ 32. Kg2 Qc6+
33. Kh3 a6 34. Qd3 f5 35. f4 Kg6 36. Qe2 Kf7 37. Qh5+ Kg7 38. Qg5+ Kf7 39. Qh6
Kg8 40. Qf6 Qc4 41. Qe5 Qc8 42. b4 Qe8 43. a4 Qxa4 44. Qxe6+ Kg7 45. Qe7+ Kg8
46. Qg5+ Kh8 47. Qxf5 Qxb4 48. Qf6+ Kg8 49. Qxa6 Qb1 50. Qc8+ Kg7 51. Qd7+ Kg8
52. Qe6+ Kg7 53. Qe5+ Kf7 54. Qh5+ Kg7 55. Qg5+ Kf7 56. Kh4 Qc2 57. h3 Qc6 58.
g4 Qf3 59. Qf5+ Kg7 60. Qd7+ Kg8 61. Qe8+ Kg7 62. f5 Qf2+ 63. Kh5 Qf3 64. Qe7+
Kg8 65. h4 h6 66. Qe8+ Kg7 67. Qg6+ Kh8 68. Qxh6+ Kg8 69. Qg6+ Kh8 70. Qe8+ Kh7
71. Qe7+ Kh8 72. Qf6+ Kh7 73. Qh6+ Kg8 74. f6 1-0

[Event "Superettan(Kamraterna-Orebro)"]
[Site "?"]
[Date "2014.03.07"]
[Round "7"]
[White "Jonsson, Krister"]
[Black "Svensson, Bengt"]
[Result "1/2-1/2"]
[WhiteElo "2141"]
[BlackElo "2399"]
[PlyCount "63"]

1. d4 d5 2. c4 c6 3. Nf3 Nf6 4. Nc3 dxc4 5. a4 Bf5 6. e3 e6 7. Bxc4 Bb4 8. O-O
O-O 9. Nh4 Nbd7 10. Nxf5 exf5 11. Qc2 g6 12. f3 Rc8 13. Rd1 Qe7 14. Qf2 Nb6 15.
Bb3 Nbd5 16. Bd2 Nxc3 17. bxc3 Ba5 18. Re1 c5 19. c4 Bxd2 20. Qxd2 Rfd8 21.
Rad1 Qd6 22. Qc3 Qe7 23. d5 Re8 24. a5 Qd6 25. Bc2 Re7 26. Rb1 h5 27. Rb2 h4
28. Reb1 Rce8 29. Re1 Rc8 30. Reb1 Rce8 31. Re1 Rc8 32. Reb1 1/2-1/2

[Event "Superettan(Kamraterna-Orebro)"]
[Site "?"]
[Date "2014.03.07"]
[Round "7"]
[White "Mohammadi, Amir"]
[Black "Blomstrom, Lars"]
[Result "1/2-1/2"]
[WhiteElo "2287"]
[BlackElo "2186"]
[PlyCount "64"]

1. e4 e5 2. Nf3 Nc6 3. Bc4 Nf6 4. d3 Be7 5. Nc3 d6 6. a3 O-O 7. Be3 a6 8. O-O
Be6 9. b4 b5 10. Bd5 Bxd5 11. exd5 Nb8 12. a4 bxa4 13. Rxa4 Nbd7 14. Qa1 Qc8
15. Qa2 Qb7 16. Ra1 Nb6 17. Bxb6 Qxb6 18. b5 a5 19. Nd2 Nd7 20. Rxa5 Rae8 21.
Ra7 f5 22. Nc4 Qb8 23. Qa6 e4 24. dxe4 Bf6 25. e5 Nxe5 26. Nxe5 Rxe5 27. h3
Rfe8 28. Kh2 R5e7 29. Qc6 Bxc3 30. Qxc3 Qxb5 31. Qf3 g6 32. R1a3 Qc5 1/2-1/2

[Event "Superettan(Kamraterna-Orebro)"]
[Site "?"]
[Date "2014.03.07"]
[Round "7"]
[White "Selimian, Hrayr"]
[Black "Svenn, Matti"]
[Result "1-0"]
[WhiteElo "2090"]
[BlackElo "2219"]
[PlyCount "73"]

1. d4 Nf6 2. c4 g6 3. Nf3 Bg7 4. g3 O-O 5. Bg2 d5 6. cxd5 Nxd5 7. O-O Nb6 8. a4
a5 9. Nc3 Nc6 10. Bf4 Nb4 11. h3 c6 12. Na2 N6d5 13. Bd2 Bf5 14. Nc3 Nb6 15.
Rc1 Be6 16. Ne4 Bd5 17. Bxb4 axb4 18. Nc5 Bxf3 19. Bxf3 Qxd4 20. Nxb7 Nxa4 21.
Qxd4 Bxd4 22. Rc4 Bxb2 23. Rxb4 Rfc8 24. Rc4 Ra6 25. Rb1 Be5 26. Rbb4 Nc3 27.
Rb3 Rc7 28. Nc5 Ra1+ 29. Kg2 Nd5 30. Nd3 Bd6 31. e4 e6 32. exd5 exd5 33. Rc2
Kf8 34. Rbc3 d4 35. Rxc6 Rxc6 36. Rxc6 Ke7 37. Rc4 1-0

[Event "Superettan(Kamraterna-Orebro)"]
[Site "?"]
[Date "2014.03.07"]
[Round "7"]
[White "Andersson, Johan"]
[Black "Gummesson, Anton"]
[Result "0-1"]
[WhiteElo "2214"]
[BlackElo "1963"]
[PlyCount "76"]

1. e4 c5 2. Nf3 Nc6 3. Bb5 Nf6 4. Qe2 g6 5. O-O Bg7 6. e5 Nd5 7. Qc4 Nc7 8.
Bxc6 dxc6 9. Qxc5 O-O 10. h3 Bf5 11. d3 Na6 12. Qc4 Qc7 13. Re1 b5 14. Qh4 Rad8
15. Bh6 c5 16. Nc3 Nb4 17. Nxb5 Qb7 18. Na3 Rfe8 19. Bxg7 Kxg7 20. Re2 h6 21.
Nc4 Be6 22. a3 Nd5 23. b3 Nc7 24. Ncd2 Bd5 25. Qg3 Ne6 26. h4 Bc6 27. Ne4 a5
28. a4 Qb4 29. Rae1 Rd7 30. h5 Rf8 31. Nh4 g5 32. Qg4 Qb8 33. Nf5+ Kh7 34. Re3
Rg8 35. g3 Ra7 36. Kh2 Qc8 37. Qd1 Nf4 38. gxf4 Qxf5 0-1

[Event "Superettan(Kamraterna-Orebro)"]
[Site "?"]
[Date "2014.03.07"]
[Round "7"]
[White "Sparv, Joakim"]
[Black "Borvander, Tom"]
[Result "0-1"]
[WhiteElo "1975"]
[BlackElo "2214"]
[PlyCount "114"]

1. e4 e5 2. Nf3 Nc6 3. Bb5 a6 4. Ba4 Nf6 5. O-O b5 6. Bb3 Bc5 7. c3 d6 8. d4
Bb6 9. h3 Bb7 10. Re1 O-O 11. Bg5 h6 12. Bh4 Re8 13. d5 Nb8 14. c4 bxc4 15. Ba4
Rf8 16. Qe2 c6 17. dxc6 Nxc6 18. Qxc4 Nd4 19. Qd3 g5 20. Bg3 Ne6 21. Nc3 Nc5
22. Qc2 Rc8 23. Nd2 Nh5 24. Kh2 Qf6 25. Nf1 Nxa4 26. Qxa4 Bxf2 27. Bxf2 Qxf2
28. Qd1 Nf4 29. Ne3 Rfd8 30. Qg4 Nd3 31. Re2 Qf4+ 32. g3 Qxg4 33. Nxg4 Kg7 34.
Rd1 Nc5 35. Nd5 Bxd5 36. Rxd5 Ne6 37. b3 h5 38. Ne3 Nd4 39. Rf2 f6 40. Nc4 Rc6
41. Kg2 Nb5 42. Kf3 Kf7 43. Ke3 Ke6 44. Rfd2 Nd4 45. Ra5 f5 46. exf5+ Nxf5+ 47.
Kf2 Rf8 48. Kg2 Nd4 49. Ne3 Rd8 50. Nd5 Rd7 51. Nb4 Rc3 52. Rxa6 Rf7 53. Rf2
Rxf2+ 54. Kxf2 e4 55. Ra4 e3+ 56. Kg2 e2 57. Kf2 Rf3+ 0-1

[Event "Superettan(Kamraterna-Orebro)"]
[Site "?"]
[Date "2014.03.07"]
[Round "7"]
[White "Nyberg, Ulf"]
[Black "Skoog, Daniel"]
[Result "1-0"]
[WhiteElo "2161"]
[BlackElo "1946"]
[PlyCount "81"]

1. d4 d5 2. c4 e6 3. Nc3 Be7 4. cxd5 exd5 5. Bf4 c6 6. e3 Nf6 7. Bd3 O-O 8. h3
Re8 9. Nf3 Nbd7 10. O-O Nf8 11. Qc2 Ng6 12. Bh2 Bd6 13. Bxd6 Qxd6 14. Rab1 Qe7
15. b4 Ne4 16. Bxe4 dxe4 17. Nd2 Bf5 18. f4 h5 19. Nc4 f6 20. Qe2 Qe6 21. b5
Ne7 22. bxc6 bxc6 23. Rb7 Rab8 24. Rfb1 Rxb7 25. Rxb7 Nc8 26. Na5 Nd6 27. Rxa7
Nb5 28. Nxb5 cxb5 29. Nb3 g6 30. Nc5 Qc4 31. Qxc4+ bxc4 32. Ra4 Rb8 33. Rxc4
Rb1+ 34. Kh2 Rb2 35. a4 Ra2 36. d5 Kf8 37. Nxe4 Re2 38. Rc7 Ke8 39. Nxf6+ Kd8
40. Rc3 Ra2 41. e4 1-0

[Event "Superettan(Manhem I-Kungstornet)"]
[Site "?"]
[Date "2014.03.08"]
[Round "8"]
[White "Cicak, Slavko"]
[Black "Welin, Mats"]
[Result "1-0"]
[WhiteElo "2570"]
[BlackElo "2392"]
[PlyCount "73"]

1. c4 Nf6 2. Nc3 e5 3. Nf3 Nc6 4. a3 g6 5. g3 Bg7 6. Bg2 O-O 7. O-O d6 8. d3 h6
9. Ne1 Be6 10. Nc2 d5 11. cxd5 Nxd5 12. Bd2 a5 13. Na4 Qd6 14. Ne3 Nde7 15. Nc4
Qd8 16. Nc5 Bc8 17. Rc1 Ra7 18. b4 axb4 19. axb4 Nd4 20. e3 Nb5 21. Qc2 b6 22.
Ne4 Bg4 23. Nc3 Qd7 24. Ra1 Rxa1 25. Rxa1 Rd8 26. Nxb5 Qxb5 27. Bf1 Bf5 28. Ra7
Rc8 29. e4 Be6 30. Bc3 Qc6 31. Ne3 Qd6 32. b5 c5 33. Qb2 Rf8 34. Qa1 f5 35. f4
fxe4 36. dxe4 Rf7 37. Nc4 1-0

[Event "Superettan(Manhem I-Kungstornet)"]
[Site "?"]
[Date "2014.03.08"]
[Round "8"]
[White "Hultin, Johan"]
[Black "Lyrberg, Patrik"]
[Result "1-0"]
[WhiteElo "2377"]
[BlackElo "2548"]
[PlyCount "121"]
[EventDate "2014.??.??"]

1. d4 Nf6 2. c4 e6 3. Nc3 d5 4. cxd5 exd5 5. Bg5 c6 6. e3 a5 7. Bd3 Na6 8. h3
h6 9. Bh4 Be7 10. Bg3 c5 11. dxc5 O-O 12. Nge2 Nxc5 13. O-O Nfe4 14. Be5 b6 15.
Bb5 Bb7 16. Rc1 Nd6 17. b3 Nxb5 18. Nxb5 Qd7 19. Ned4 Rac8 20. a4 Ba6 21. Qh5
f6 22. Bf4 f5 23. Rfd1 Kh7 24. g4 fxg4 25. hxg4 Rf6 26. Nf3 Ne6 27. Ne5 Nxf4
28. exf4 Qe8 29. Qxe8 Rxe8 30. Nc7 Ref8 31. Nxa6 Rxf4 32. Nd3 Rxg4+ 33. Kf1 Bg5
34. Rc2 Rh4 35. Nc7 Rc8 36. Ne1 Rh3 37. f3 Bh4 38. Kg2 Rg3+ 39. Kh2 Rg5 40. Ne6
Rxc2+ 41. Nxc2 Re5 42. Ned4 Bf6 43. Rd2 Re8 44. Kg2 h5 45. f4 Bxd4 46. Nxd4 Re3
47. Nf5 Rxb3 48. Rxd5 Rb4 49. Kf3 g5 50. fxg5 Rg4 51. Nd6 Rxa4 52. Ne4 Ra1 53.
Kf4 Rf1+ 54. Ke5 h4 55. Rb5 Kg7 56. Rxb6 h3 57. Rh6 Rf3 58. Nd6 Re3+ 59. Kf4
Rb3 60. Nf5+ Kg8 61. g6 1-0

[Event "Superettan(Manhem I-Kungstornet)"]
[Site "?"]
[Date "2014.03.08"]
[Round "8"]
[White "Henriksson, Johan"]
[Black "Moberg, Karl Johan"]
[Result "1/2-1/2"]
[WhiteElo "2295"]
[BlackElo "2344"]
[PlyCount "105"]

1. d4 Nf6 2. Nf3 g6 3. g3 Bg7 4. Bg2 d5 5. O-O O-O 6. c4 dxc4 7. Na3 Na6 8.
Nxc4 c5 9. b3 Bf5 10. Bb2 Be4 11. Rc1 Rc8 12. Bh3 Bf5 13. Bxf5 gxf5 14. Qc2 e6
15. dxc5 Nxc5 16. Rfd1 Nd5 17. Bxg7 Kxg7 18. Qb2+ Qf6 19. Qxf6+ Kxf6 20. Nd6
Rcd8 21. Nxf5 Nxb3 22. axb3 Kxf5 23. Rc4 Kf6 24. Rh4 Nc3 25. Ra1 a6 26. e3 Rh8
27. Ra5 Rd5 28. Rxd5 Nxd5 29. e4 Nc3 30. e5+ Ke7 31. Rc4 Nd5 32. Ng5 h6 33. Ne4
b5 34. Rc6 Ra8 35. Rc5 Kd7 36. Kf1 Rb8 37. Ke2 Rb6 38. Nd6 f6 39. Nf7 Ke7 40.
Nxh6 fxe5 41. Ng4 e4 42. h4 Rb8 43. Ne3 Kd6 44. Rc1 a5 45. Ra1 a4 46. Nxd5 exd5
47. bxa4 bxa4 48. Rxa4 Rb2+ 49. Kf1 Rb1+ 50. Kg2 Rb2 51. Kf1 Rb1+ 52. Kg2 Rb2
53. Kf1 1/2-1/2

[Event "Superettan(Manhem I-Kungstornet)"]
[Site "?"]
[Date "2014.03.08"]
[Round "8"]
[White "Fendrich, David"]
[Black "Larsson, Anders"]
[Result "0-1"]
[WhiteElo "2263"]
[BlackElo "2339"]
[PlyCount "88"]

1. c4 e5 2. g3 Nf6 3. Bg2 c6 4. d4 d6 5. Nc3 Qb6 6. e3 Be6 7. d5 cxd5 8. cxd5
Bd7 9. Nge2 Be7 10. O-O O-O 11. e4 Na6 12. Be3 Qd8 13. h3 Ne8 14. f4 Bf6 15.
Qd2 Nec7 16. a4 Nc5 17. Bxc5 dxc5 18. Kh2 Ne8 19. Ng1 Nd6 20. Rae1 Qa5 21. Nf3
Rae8 22. Rf2 Qb4 23. Qc2 c4 24. Rfe2 a6 25. g4 h6 26. Rf1 Qc5 27. g5 hxg5 28.
fxg5 Bd8 29. h4 Bg4 30. Bh3 Bxh3 31. Kxh3 Qc8+ 32. Kh2 g6 33. Kg3 f5 34. gxf6
Rxf6 35. Nh2 Rf4 36. Rxf4 exf4+ 37. Kxf4 Qh3 38. Rg2 Rf8+ 39. Ke5 Bf6+ 40. Kxd6
Rd8+ 41. Kc7 Qc8+ 42. Kb6 Bd4+ 43. Ka5 b6+ 44. Kb4 Qc5# 0-1

[Event "Superettan(Manhem I-Kungstornet)"]
[Site "?"]
[Date "2014.03.08"]
[Round "8"]
[White "Wikner, Arvid"]
[Black "Akesson, Joel"]
[Result "1-0"]
[WhiteElo "2294"]
[BlackElo "2350"]
[PlyCount "45"]

1. e4 e6 2. d4 d5 3. Nc3 Bb4 4. Qg4 Nf6 5. Qxg7 Rg8 6. Qh6 dxe4 7. Nge2 c5 8.
Bg5 Ng4 9. Bxd8 Nxh6 10. Bc7 Na6 11. Bf4 Ng4 12. h3 cxd4 13. hxg4 dxc3 14. bxc3
Ba5 15. Rxh7 Bd7 16. O-O-O Rc8 17. Ng3 Bc6 18. Be5 Bc7 19. Bf6 e3 20. Nh5 Be4
21. Bb5+ Bc6 22. Bxc6+ bxc6 23. Ng7+ 1-0

[Event "Superettan(Manhem I-Kungstornet)"]
[Site "?"]
[Date "2014.03.08"]
[Round "8"]
[White "Kinnmark, Ove"]
[Black "Engstrom, Kaj"]
[Result "0-1"]
[WhiteElo "2236"]
[BlackElo "2284"]
[PlyCount "96"]

1. e4 c5 2. Nf3 e6 3. d4 cxd4 4. Nxd4 a6 5. Bd3 Bc5 6. Nb3 Ba7 7. Qe2 Nc6 8.
Be3 d6 9. O-O Nf6 10. N1d2 O-O 11. c3 Bxe3 12. Qxe3 e5 13. Rad1 Be6 14. c4 a5
15. h3 Nh5 16. Nf3 Nf4 17. Rfe1 Qf6 18. Bf1 Rfd8 19. a3 h5 20. Kh2 a4 21. Nc1
g5 22. g3 g4 23. hxg4 hxg4 24. Nh4 Kg7 25. Kg1 Ng6 26. Nf5+ Bxf5 27. exf5 Nd4
28. Bg2 Nc2 29. Qe4 Nxe1 30. Rxe1 Ne7 31. Qxg4+ Kf8 32. Be4 Rac8 33. Bb1 Qg7
34. Qh4 Ng8 35. Ne2 Qh6 36. Qe4 Nf6 37. Qf3 Rxc4 38. Nc3 Kg7 39. Ba2 Rd4 40.
Qxb7 Ng4 41. Qg2 Qd2 42. Rb1 Rb8 43. f6+ Nxf6 44. Qf3 Rxb2 45. Rxb2 Qxb2 46.
Qf5 Qc1+ 47. Kg2 Qh6 48. Nb5 Rd1 0-1

[Event "Superettan(Manhem I-Kungstornet)"]
[Site "?"]
[Date "2014.03.08"]
[Round "8"]
[White "Palmblad, Jan Peter"]
[Black "Berggren Torell, Harald"]
[Result "0-1"]
[WhiteElo "2225"]
[BlackElo "2219"]
[PlyCount "114"]

1. e4 d6 2. d4 Nf6 3. Nc3 g6 4. Bc4 Bg7 5. h3 O-O 6. Be3 Nxe4 7. Nxe4 d5 8. Bb3
dxe4 9. Ne2 Nc6 10. c3 b6 11. Ng3 Na5 12. Nxe4 Nxb3 13. Qxb3 Bb7 14. f3 Bd5 15.
Qc2 f5 16. Nf2 Qd6 17. Nd3 f4 18. Bf2 Bxa2 19. O-O Bc4 20. Rfe1 Bxd3 21. Qxd3
e6 22. Qe4 Rfe8 23. Ra6 g5 24. h4 Qd5 25. Qxd5 exd5 26. hxg5 Rxe1+ 27. Bxe1 Bf8
28. Bd2 Bd6 29. Kf1 Kf7 30. b3 Kg6 31. c4 dxc4 32. bxc4 Kf5 33. c5 Be7 34. Ke2
Bxg5 35. cxb6 cxb6 36. Kd3 Bf6 37. Bc3 h5 38. Ra1 Rg8 39. Rxa7 Rxg2 40. Be1 Rb2
41. Rd7 h4 42. Rh7 Rb3+ 43. Bc3 Rb1 44. Bd2 Rb3+ 45. Ke2 Rb2 46. Kd3 Kg6 47.
Rc7 Bg5 48. Rc1 Kf5 49. Ra1 Bf6 50. Kc3 Bxd4+ 51. Kxd4 Rxd2+ 52. Kc4 h3 53. Rh1
h2 54. Rb1 Kg5 55. Rb5+ Kh4 56. Rxb6 Kg3 57. Rh6 Rd1 0-1

[Event "Superettan(Manhem I-Kungstornet)"]
[Site "?"]
[Date "2014.03.08"]
[Round "8"]
[White "Outgajjouft, Said"]
[Black "Holmquist, Gunnar"]
[Result "0-1"]
[WhiteElo "2172"]
[BlackElo "2230"]
[PlyCount "207"]

1. e4 e5 2. Nf3 Nc6 3. d4 exd4 4. Bc4 Nf6 5. e5 d5 6. Bb5 Ne4 7. Nxd4 Bd7 8.
Bxc6 bxc6 9. O-O Bc5 10. f3 Ng5 11. f4 Ne6 12. c3 f5 13. Be3 O-O 14. Nd2 Rb8
15. N2b3 Bb6 16. Qd2 Qe7 17. Nxe6 Bxe6 18. Qf2 Bxe3 19. Qxe3 Rb6 20. Rf2 Rfb8
21. Qc5 Kf7 22. Qe3 c5 23. Rb1 Rb5 24. Rd2 a5 25. Qf2 a4 26. Nc1 c4 27. Ne2 c5
28. g4 a3 29. Ng3 g6 30. gxf5 gxf5 31. Qf3 Rxb2 32. Rdxb2 Rxb2 33. Re1 Qh4 34.
Re2 Rxe2 35. Nxe2 Qg4+ 36. Kf2 Qxf3+ 37. Kxf3 Bd7 38. Ke3 Ba4 39. Kd2 Kg6 40.
Ke3 Bd1 41. Kd2 Ba4 42. Ke3 Kh5 43. Kf3 Bd1 44. Ke3 Kg6 45. Kd2 Ba4 46. Ke3 Bc2
47. Kd2 Bb1 48. Nc1 Kf7 49. Ke3 Ke6 50. Kd2 Be4 51. Ke3 Bb1 52. Kd2 Kd7 53. Ke3
Kc6 54. Kd2 Be4 55. Ke3 Kd7 56. Ne2 Ke6 57. Nc1 Bc2 58. Kd2 Ba4 59. Ne2 Kf7 60.
Ke3 Kg7 61. Kd2 Kg6 62. Ke3 Kh5 63. Kf3 Bd1 64. Ke3 Kg4 65. Kf2 Ba4 66. Kg2 Bc6
67. h3+ Kh4 68. Kh2 Kh5 69. Kg3 Ba4 70. Kf2 Kh4 71. Kg2 Bd7 72. Kh2 Kh5 73. Kg3
Bc6 74. Kh2 Ba4 75. Kg3 Bb3 76. Nc1 Bd1 77. Kf2 Kh4 78. Kg2 Bh5 79. e6 Be8 80.
Ne2 Kh5 81. Kf3 Kg6 82. e7 Kf7 83. Ng3 Bd7 84. Nf1 Kxe7 85. Ne3 Kd6 86. Nc2 Bc6
87. Ke3 Ba4 88. Nxa3 Kc6 89. Nb1 Bc2 90. Nd2 Kb5 91. Nf3 Bb1 92. a3 Ka4 93. Ng5
h5 94. Ne6 Kb3 95. Kd2 Kxa3 96. Nxc5 Kb2 97. Ne6 h4 98. Nc5 d4 99. cxd4 c3+
100. Ke3 Be4 101. Na4+ Kb3 102. Nc5+ Ka2 103. Ke2 Kb1 104. Nb3 0-1

[Event "Superettan(Orebro-Manhem II)"]
[Site "?"]
[Date "2014.03.08"]
[Round "8"]
[White "Andersson, Goran"]
[Black "Gruvaeus, Curt"]
[Result "0-1"]
[WhiteElo "2234"]
[BlackElo "2334"]
[PlyCount "78"]

1. e4 g6 2. d4 Bg7 3. Nc3 d6 4. Be3 a6 5. Qd2 Nd7 6. a4 b6 7. Bc4 c6 8. Nge2
Bb7 9. O-O e6 10. f3 Qc7 11. Nf4 d5 12. Bb3 Ne7 13. Nd1 O-O 14. c3 Rad8 15. Nh3
c5 16. Ndf2 e5 17. Bh6 cxd4 18. cxd4 dxe4 19. fxe4 Nc5 20. Bxg7 Kxg7 21. Ng4
Ng8 22. Qc1 exd4 23. Ba2 h5 24. Ngf2 Qe5 25. Ng5 Nh6 26. Nf3 Qe7 27. Qf4 f5 28.
e5 Bxf3 29. gxf3 Nd3 30. Nxd3 g5 31. Qd2 f4 32. Kh1 Nf5 33. Rg1 Kh6 34. Nxf4
Ne3 35. Ne6 Rxf3 36. Nxd8 Qxd8 37. Qb4 Qa8 38. Qd6+ Rf6+ 39. Bd5 Nxd5 0-1

[Event "Superettan(Orebro-Manhem II)"]
[Site "?"]
[Date "2014.03.08"]
[Round "8"]
[White "Jonsson, Krister"]
[Black "Bengtsson, Jessica"]
[Result "1/2-1/2"]
[WhiteElo "2141"]
[BlackElo "2100"]
[PlyCount "118"]

1. d4 d5 2. c4 e6 3. Nf3 Nf6 4. g3 Be7 5. Bg2 O-O 6. O-O dxc4 7. Qc2 a6 8. Qxc4
b5 9. Qc2 Bb7 10. Bf4 Nd5 11. Nbd2 Nc6 12. Nb3 Ncb4 13. Qd2 Nxf4 14. gxf4 Rc8
15. a3 Nd5 16. Rac1 Nf6 17. Rfd1 Bd5 18. Qc3 Bd6 19. e3 Qe7 20. Nfd2 Bxg2 21.
Kxg2 Nd5 22. Qc6 Nb6 23. Na5 Qd7 24. Ne4 Qxc6 25. Rxc6 Be7 26. Rdc1 Nd5 27.
Rxa6 Ra8 28. Rcc6 b4 29. a4 Rfb8 30. b3 Kf8 31. Kf3 Ke8 32. Nc5 Bxc5 33. dxc5
Kd7 34. Nc4 Ne7 35. Ne5+ Kc8 36. Nxf7 Nxc6 37. Rxc6 Kb7 38. Rxe6 Re8 39. Re4
Rxe4 40. Kxe4 Rf8 41. Ne5 Rd8 42. Nd3 Kc6 43. Nxb4+ Kxc5 44. Nd3+ Kd6 45. b4
Re8+ 46. Kd4 Re6 47. Ne5 c6 48. e4 Rf6 49. f5 Kc7 50. f4 Rd6+ 51. Ke3 Rd1 52.
b5 cxb5 53. axb5 Rb1 54. Nf3 Rxb5 55. e5 Rb7 56. Ke4 Rb4+ 57. Ke3 Rb3+ 58. Ke4
Rb4+ 59. Ke3 Rb3+ 1/2-1/2

[Event "Superettan(Orebro-Manhem II)"]
[Site "?"]
[Date "2014.03.08"]
[Round "8"]
[White "Pettersson, Anders"]
[Black "Blomstrom, Lars"]
[Result "0-1"]
[WhiteElo "2103"]
[BlackElo "2186"]
[PlyCount "122"]

1. d4 Nf6 2. c4 g6 3. Nc3 Bg7 4. e4 d6 5. Nge2 O-O 6. Ng3 e5 7. d5 a5 8. Be2
Na6 9. Bg5 h6 10. Be3 Nc5 11. h4 h5 12. Bg5 Qe8 13. Nb5 Na6 14. Qd2 Kh7 15.
Qxa5 Bd7 16. Qd2 Ng8 17. a3 f6 18. Be3 Qe7 19. Bd3 Bh6 20. Bc2 Bxe3 21. Qxe3
Nh6 22. Nc3 c5 23. f3 Nc7 24. Qe2 Rfb8 25. Bd3 Ne8 26. O-O-O Nc7 27. Nf1 Qe8
28. Ne3 b5 29. cxb5 Nxb5 30. Nxb5 Bxb5 31. Bxb5 Rxb5 32. Nc4 Nf7 33. g4 hxg4
34. fxg4 Rbb8 35. Rdf1 Qe7 36. Rh3 Rf8 37. Qf3 Nh6 38. Rh2 Kg7 39. Rhf2 Ng8 40.
Qe3 Nh6 41. Qe2 Kg8 42. Kc2 Kg7 43. b3 Ng8 44. a4 Ra7 45. Na3 Raa8 46. Nb5 c4
47. bxc4 Rxa4 48. Kb3 Raa8 49. Qe3 Qb7 50. g5 Qa6 51. Kc3 Qa5+ 52. Kd3 Qb4 53.
Qd2 Qc5 54. h5 Ra4 55. Rc1 f5 56. h6+ Kh8 57. exf5 Rxf5 58. Rxf5 gxf5 59. Qc2
Ra8 60. Rf1 Ne7 61. Qf2 e4+ 0-1

[Event "Superettan(Orebro-Manhem II)"]
[Site "?"]
[Date "2014.03.08"]
[Round "8"]
[White "Drugge, Patrick"]
[Black "Lundstrom, Mattias"]
[Result "1-0"]
[WhiteElo "2237"]
[BlackElo "2099"]
[PlyCount "69"]

1. e4 c5 2. Nc3 d6 3. g3 Nc6 4. Bg2 g6 5. d3 Bg7 6. f4 e6 7. Nf3 Nge7 8. O-O
O-O 9. Be3 Nd4 10. e5 Nxf3+ 11. Qxf3 Nf5 12. Bf2 Nd4 13. Qd1 dxe5 14. fxe5 Bxe5
15. Ne4 Bd6 16. c3 Nc6 17. Nxc5 Rb8 18. b4 Be5 19. d4 Bd6 20. Be3 Ne7 21. Bh6
Re8 22. Ne4 Nf5 23. Nxd6 Nxd6 24. Bf4 b6 25. Be5 Ba6 26. Bf6 Qd7 27. Qd2 Bxf1
28. Rxf1 Rec8 29. Qh6 Ne8 30. Be5 Rc7 31. Rd1 Rbc8 32. Bxc7 Qxc7 33. d5 Rd8 34.
Qh4 b5 35. Qd4 1-0

[Event "Superettan(Orebro-Manhem II)"]
[Site "?"]
[Date "2014.03.08"]
[Round "8"]
[White "Larsson, Dan"]
[Black "Sundelius, Per"]
[Result "0-1"]
[WhiteElo "2092"]
[BlackElo "2063"]
[PlyCount "96"]

1. e4 e6 2. d4 d5 3. exd5 exd5 4. Bd3 Bd6 5. Nf3 Ne7 6. O-O Bf5 7. Bxf5 Nxf5 8.
Re1+ Be7 9. c4 dxc4 10. Nc3 O-O 11. Qa4 Nc6 12. Be3 Nb4 13. a3 Nd5 14. Qxc4 c6
15. Qd3 Nd6 16. Ne5 Re8 17. Bd2 Bf8 18. Nxd5 cxd5 19. Qf3 Qf6 20. Qxd5 Rad8 21.
Bb4 b6 22. Nc6 Rxe1+ 23. Rxe1 Rc8 24. Nxa7 Rc2 25. f3 Qg6 26. f4 h5 27. Nc6
Rxb2 28. Ne5 Qc2 29. Qf3 Nf5 30. Bxf8 Nh4 31. Qg3 Qxg2+ 32. Qxg2 Rxg2+ 33. Kh1
Kxf8 34. Nd7+ Kg8 35. Nxb6 Ra2 36. Re8+ Kh7 37. Kg1 Nf3+ 38. Kf1 Nxh2+ 39. Ke1
Nf3+ 40. Kf1 Nh2+ 41. Kg1 Nf3+ 42. Kf1 Nxd4 43. a4 h4 44. Re3 Nf5 45. Rf3 Kh6
46. Rf2 Ra3 47. Kg2 Ne3+ 48. Kg1 Ra1+ 0-1